Mickey and Friends - Statistics

General Stats
  • This quiz has been taken 10 times
  • The average score is 8 of 16
Answer Stats
Answer % Correct
Donald Duck
100%
Pluto
100%
Goofy
88%
Mickey Mouse
88%
Minnie Mouse
88%
Daisy Duck
63%
Chip and Dale
50%
Pete
50%
Scrooge McDuck
50%
Huey, Dewey, and Louie
38%
Max Goof
38%
Clarabelle Cow
25%
Horace Horsecollar
25%
Clara Cluck
13%
Ludwig Von Drake
13%
P.J. Cat
13%
No matching quizzes found
Score Distribution
Percent of People with Each Score
Percentile by Number Answered
Your Score History
You have not taken this quiz